Természetbölcselet.
Elmentve itt :
| Szerző: | |
|---|---|
| Adatforrás: | Philobibl |
| Dokumentumtípus: | Könyv |
| Nyelv: | magyar |
| Megjelent: |
Bp.
Szent István-Társulat.
1924
|
| Sorozat: | Szent István könyvek. 13.
|
| LEADER | 00388nam a2200133 c 4500 | ||
|---|---|---|---|
| 001 | bibDOK00025310 | ||
| 005 | 20200924121948.2 | ||
| 008 | 060518s1924 hu hun | ||
| 100 | 1 | |a Trikál József | |
| 245 | 1 | 0 | |a Természetbölcselet. |c Trikál József |
| 260 | |a Bp. |b Szent István-Társulat. |c 1924 | ||
| 300 | |a 149 p. p. | ||
| 490 | 1 | |a Szent István könyvek. 13. | |
| 830 | 0 | |a Szent István könyvek. 13. | |